000 00780cam a22002295a 4500
001 14674607
005 20160131144254.0
008 061218t2007 maua frbd 001 0 eng d
020 _a9780750679671
040 _aDLC
_beng
_cDLC
_dEG-ScBUE
_dEG-ScBUE
082 0 4 _a006.4
_bVAC
_222
100 1 _aVacca, John R.
_939158
245 1 0 _aBiometric technologies and verification systems /
_cJohn R. Vacca.
260 _aBurlington ;
_aOxford :
_bButterworth-Heinemann / Elsevier,
_cc.2007.
300 _axxvii, 625 p. :
_bill. ;
_c24 cm.
500 _aGlossary : p. 587-606.
500 _aIndex : p. 607-625.
504 _aIncludes bibliographical references.
650 7 _aBiometric identification.
_2BUEsh
_94476
653 _bCOMSCI
_cJuly2015
_cJanuary2016
942 _2ddc
_k006.4 VAC
999 _c20139
_d20111